[Event "1. RSCO"]
[Site "Rostock"]
[Date "2002"]
[Round "3.7"]
[White "Mephisto RISC 2"]
[Black "Mephisto Lyon 32 Bit"]
[Result "1/2-1/2"]
[WhiteElo "2200"]
[BlackElo "2155"]
[PlyCount "59"]
[EventDate "2002.??.??"]
[EventType "tourn"]
[EventRounds "7"]
[EventCountry "GER"]

1. e4 e5 2. Nf3 Nc6 3. Bb5 a6 4. Bxc6 dxc6 5. O-O f6 6. d4 Bg4 7. dxe5 Qxd1 8.
Rxd1 fxe5 9. Rd3 Bd6 10. Nbd2 b5 11. b3 Ne7 12. Bb2 Ng6 13. g3 O-O 14. a4 Rf6
15. Kg2 Raf8 16. axb5 axb5 17. h3 Bc8 18. Bc3 c5 19. Bb2 Be6 20. c4 b4 21. Ra7
Kh8 22. Kh2 h6 23. Kg2 Kg8 24. Bc1 Bd7 25. Ra6 Ne7 26. Bb2 Nc6 27. Rd5 Ne7 28.
Rd3 Nc6 29. Rd5 Ne7 30. Rd3 1/2-1/2

[Event "1. RSCO"]
[Site "Rostock"]
[Date "2002"]
[Round "3.8"]
[White "Mephisto Lyon 32 Bit"]
[Black "Mephisto RISC 2"]
[Result "0-1"]
[WhiteElo "2155"]
[BlackElo "2200"]
[PlyCount "69"]
[EventDate "2002.??.??"]
[EventType "tourn"]
[EventRounds "7"]
[EventCountry "GER"]

1. e4 e5 2. Nf3 Nc6 3. Bb5 a6 4. Ba4 Nf6 5. O-O Nxe4 6. d4 b5 7. Bb3 d5 8. dxe5
Be6 9. c3 Bc5 10. Nbd2 O-O 11. Bc2 Nxf2 12. Rxf2 f6 13. exf6 Bxf2+ 14. Kxf2
Qxf6 15. Kg1 g5 16. Qe1 g4 17. Ng5 Bf5 18. Bxf5 Qxf5 19. Qh4 Ne5 20. Qxh7+ Qxh7
21. Nxh7 Kxh7 22. b4 Rae8 23. Nb3 Nc4 24. Bg5 Nd6 25. Bd2 Ne4 26. Be1 Rf7 27.
Rc1 Ref8 28. Nd2 Rf6 29. a3 Kg7 30. g3 Ng5 31. Rd1 Nh3+ 32. Kg2 Re8 33. Rc1
Re2+ 34. Kh1 Rfe6 35. Nf1 0-1

[Event "1. RSCO"]
[Site "Rostock"]
[Date "2002"]
[Round "4.1"]
[White "Mephisto RISC 2"]
[Black "Mephisto Vancouver 32 Bit"]
[Result "1-0"]
[WhiteElo "2200"]
[BlackElo "2161"]
[PlyCount "43"]
[EventDate "2002.??.??"]
[EventType "tourn"]
[EventRounds "7"]
[EventCountry "GER"]

1. d4 Nf6 2. Nf3 d5 3. c4 c6 4. Nc3 dxc4 5. a4 Bg4 6. Ne5 Bh5 7. f3 Nfd7 8.
Nxc4 e5 9. e4 Qh4+ 10. g3 Qf6 11. dxe5 Qxf3 12. Nd6+ Bxd6 13. Qxd6 Qxh1 14. Bg5
f6 15. exf6 gxf6 16. Qe6+ Kd8 17. Bxf6+ Kc7 18. Bxh8 Qxh2 19. Be5+ Nxe5 20.
Qxe5+ Kd7 21. Rc1 c5 22. Rc2 1-0

[Event "1. RSCO"]
[Site "Rostock"]
[Date "2002"]
[Round "4.2"]
[White "Mephisto Vancouver 32 Bit"]
[Black "Mephisto RISC 2"]
[Result "1/2-1/2"]
[WhiteElo "2161"]
[BlackElo "2200"]
[PlyCount "57"]
[EventDate "2002.??.??"]
[EventType "tourn"]
[EventRounds "7"]
[EventCountry "GER"]

1. e4 e5 2. Nf3 Nf6 3. d4 Nxe4 4. Bd3 d5 5. Nxe5 Bd6 6. O-O O-O 7. Re1 Bxe5 8.
dxe5 Nc6 9. Bf4 Nc5 10. Bb5 Ne6 11. Qd2 Ncd4 12. Bd3 Nxf4 13. Qxf4 c5 14. Nc3
Be6 15. Rab1 Nc6 16. Nb5 c4 17. Bf5 Qa5 18. Nd6 Qxa2 19. Qg3 b6 20. Red1 g6 21.
c3 Bxf5 22. Nxf5 Rae8 23. Nh6+ Kg7 24. Ng4 Re6 25. Qf4 Kg8 26. Nf6+ Kg7 27. Ng4
Kg8 28. Nf6+ Kg7 29. Ng4 1/2-1/2

[Event "1. RSCO"]
[Site "Rostock"]
[Date "2002"]
[Round "4.3"]
[White "Mephisto Montreux"]
[Black "Mephisto Polgar"]
[Result "1-0"]
[WhiteElo "2196"]
[BlackElo "1971"]
[PlyCount "69"]
[EventDate "2002.??.??"]
[EventType "tourn"]
[EventRounds "7"]
[EventCountry "GER"]

1. d4 Nf6 2. c4 g6 3. Nc3 Bg7 4. e4 d6 5. f4 O-O 6. Be2 c5 7. Nf3 cxd4 8. Nxd4
Nc6 9. Be3 Bg4 10. Bxg4 Nxg4 11. Qxg4 Nxd4 12. Qd1 Ne6 13. O-O Bxc3 14. bxc3
Qa5 15. f5 Qxc3 16. Bh6 Ng7 17. f6 exf6 18. Qxd6 Rfe8 19. Rac1 Qe5 20. Rxf6
Qxe4 21. Qd7 Re7 22. Qd5 Nf5 23. Bg5 Qe2 24. Rf1 Rc7 25. c5 Re8 26. Bf4 Rce7
27. Bg5 Qe4 28. Qd2 Qg4 29. Bf4 Re2 30. Qd5 R8e7 31. c6 Nh4 32. c7 Rxg2+ 33.
Kh1 Qc8 34. Bd6 Rxh2+ 35. Kxh2 1-0

[Event "1. RSCO"]
[Site "Rostock"]
[Date "2002"]
[Round "4.4"]
[White "Mephisto Polgar"]
[Black "Mephisto Montreux"]
[Result "0-1"]
[WhiteElo "1971"]
[BlackElo "2196"]
[PlyCount "122"]
[EventDate "2002.??.??"]
[EventType "tourn"]
[EventRounds "7"]
[EventCountry "GER"]

1. e4 c5 2. c3 e5 3. Nf3 Nc6 4. Bc4 Qc7 5. O-O Nf6 6. Ng5 Nd8 7. d3 h6 8. Nf3
Be7 9. Be3 Ne6 10. Na3 d6 11. b4 a6 12. b5 a5 13. Rb1 b6 14. Bd5 Nxd5 15. exd5
Nf8 16. Nc2 Ng6 17. c4 Bg4 18. h3 Bf5 19. Nfe1 O-O 20. f4 Nxf4 21. Bxf4 exf4
22. Rxf4 Bh7 23. Rg4 Rac8 24. Nf3 f5 25. Rg3 f4 26. Rg4 h5 27. Rg5 Qd8 28. h4
Qe8 29. Qd2 Qf7 30. Re1 Rce8 31. Re6 Bf5 32. Rxf5 Qxf5 33. d4 Rf6 34. Re2 Qc8
35. Qe1 Qd8 36. dxc5 dxc5 37. Ne5 Kf8 38. Nc6 Qd7 39. Ne5 Qf5 40. a3 Bd6 41.
Nf3 Rxe2 42. Qxe2 Qg4 43. Qd3 Rh6 44. Kf1 Kg8 45. Qe2 Rf6 46. Qe8+ Rf8 47. Qc6
Qg6 48. Nce1 Rb8 49. Ne5 Qh6 50. Nd7 Rd8 51. Nxb6 f3 52. Nxf3 Qc1+ 53. Ke2 Qxa3
54. Nc8 Qb2+ 55. Nd2 Qe5+ 56. Kd1 Bc7 57. b6 Bb8 58. Qxc5 Re8 59. Na7 Qe1+ 60.
Kc2 Bf4 61. Qxa5 Re2 0-1

[Event "1. RSCO"]
[Site "Rostock"]
[Date "2002"]
[Round "4.5"]
[White "TASC CM 16 MHz - King 2.54"]
[Black "Mephisto MMV"]
[Result "1-0"]
[WhiteElo "2370"]
[BlackElo "1979"]
[PlyCount "113"]
[EventDate "2002.??.??"]
[EventType "tourn"]
[EventRounds "7"]
[EventCountry "GER"]

1. e4 c5 2. Nf3 d6 3. d4 cxd4 4. Nxd4 Nf6 5. Nc3 a6 6. h3 b5 7. Nd5 Nxd5 8.
exd5 g6 9. a4 bxa4 10. Bc4 Bd7 11. O-O Bg7 12. Re1 Qb6 13. c3 Bxd4 14. cxd4 Bb5
15. b3 Ra7 16. Be3 axb3 17. Qxb3 Rb7 18. Rab1 O-O 19. Qd3 Rc8 20. Bxb5 axb5 21.
Bg5 Rcc7 22. Bd2 Na6 23. Kf1 b4 24. Ra1 Ra7 25. Kg1 Rc8 26. Ra2 b3 27. Rb2 Qb7
28. Qxb3 Qxb3 29. Rxb3 Rc4 30. Ra1 Rc2 31. Bg5 f6 32. Bxf6 exf6 33. Rb6 Rcc7
34. Raxa6 Rxa6 35. Rxa6 Rd7 36. Ra8+ Kf7 37. Kh2 f5 38. Rh8 Kg7 39. Re8 g5 40.
Re6 f4 41. g3 f3 42. g4 Kf7 43. Kg3 Kg8 44. Kxf3 Kg7 45. Kg3 h6 46. f4 gxf4+
47. Kxf4 Rd8 48. h4 Rf8+ 49. Kg3 Rd8 50. g5 hxg5 51. hxg5 Rd7 52. Kg4 Rd8 53.
Rh6 Rd7 54. Kf5 Rd8 55. Rg6+ Kf7 56. Rf6+ Ke7 57. g6 1-0

[Event "1. RSCO"]
[Site "Rostock"]
[Date "2002"]
[Round "4.6"]
[White "Mephisto MMV"]
[Black "TASC CM 16 MHz - King 2.54"]
[Result "0-1"]
[WhiteElo "1979"]
[BlackElo "2370"]
[PlyCount "36"]
[EventDate "2002.??.??"]
[EventType "tourn"]
[EventRounds "7"]
[EventCountry "GER"]

1. d4 Nf6 2. Nf3 d5 3. c4 e6 4. Bg5 dxc4 5. Qa4+ Nc6 6. e4 h6 7. Bxf6 Qxf6 8.
Qxc4 g5 9. h3 Bd7 10. Nc3 O-O-O 11. Be2 h5 12. Rd1 Kb8 13. O-O g4 14. hxg4 hxg4
15. Ne5 Qh4 16. Nxd7+ Rxd7 17. f4 g3 18. d5 Qh2# 0-1

[Event "1. RSCO"]
[Site "Rostock"]
[Date "2002"]
[Round "4.7"]
[White "Mephisto Lyon 32 Bit"]
[Black "Magellan"]
[Result "0-1"]
[WhiteElo "2155"]
[BlackElo "2191"]
[PlyCount "94"]
[EventDate "2002.??.??"]
[EventType "tourn"]
[EventRounds "7"]
[EventCountry "GER"]

1. Nf3 Nf6 2. c4 c5 3. Nc3 d5 4. cxd5 Nxd5 5. e3 Nxc3 6. bxc3 g6 7. Bb5+ Nd7 8.
O-O Bg7 9. a4 a6 10. Be2 O-O 11. d4 b6 12. Ng5 Bb7 13. Bf3 Bxf3 14. Nxf3 e5 15.
Qd3 Re8 16. Qc4 exd4 17. cxd4 b5 18. axb5 axb5 19. Rxa8 bxc4 20. Rxd8 Rxd8 21.
Bd2 cxd4 22. exd4 Nf6 23. Re1 Nd5 24. Rc1 Rc8 25. Bc3 Kf8 26. g4 Ke7 27. Kf1
Nxc3 28. Rxc3 Kd6 29. Rc2 Kd5 30. Ng5 Bxd4 31. Nxh7 f6 32. g5 f5 33. Nf6+ Bxf6
34. gxf6 Ke6 35. Ke2 Kxf6 36. Kd2 g5 37. Kc3 Ke5 38. Re2+ Kf4 39. Re3 Ra8 40.
Rg3 Ra2 41. Rg2 g4 42. Kxc4 Kf3 43. Rg3+ Kxf2 44. Kd5 Re2 45. Kd4 Re4+ 46. Kd3
Rf4 47. Kc3 Rf3+ 0-1

[Event "1. RSCO"]
[Site "Rostock"]
[Date "2002"]
[Round "4.8"]
[White "Magellan"]
[Black "Mephisto Lyon 32 Bit"]
[Result "1-0"]
[WhiteElo "2191"]
[BlackElo "2155"]
[PlyCount "111"]
[EventDate "2002.??.??"]
[EventType "tourn"]
[EventRounds "7"]
[EventCountry "GER"]

1. e4 e6 2. d4 d5 3. Nc3 Bb4 4. exd5 exd5 5. Bd3 Nc6 6. Nge2 Nge7 7. O-O Bf5 8.
Ng3 Bxd3 9. Qxd3 O-O 10. Nce2 Qd7 11. c3 Bd6 12. Bf4 Rfe8 13. Rfe1 Ng6 14. Bxd6
Qxd6 15. Nf5 Qe6 16. Qf3 Rad8 17. b3 a6 18. a4 Na5 19. Rab1 Nc6 20. b4 f6 21.
b5 axb5 22. Rxb5 b6 23. Ne3 Nce7 24. Ng3 Rf8 25. Nc2 Qc6 26. Nb4 Qd7 27. Nf1
Nh4 28. Qd3 Nhg6 29. Ne3 Nf4 30. Qd1 Ra8 31. g3 Nh3+ 32. Kg2 Rfe8 33. Nbxd5
Nxd5 34. Rxd5 Qc6 35. Kxh3 Rxe3 36. Rxe3 Qxd5 37. Re7 Qc4 38. Qf3 Rf8 39. Qf5
Kh8 40. Qd7 Qf1+ 41. Kg4 Qd1+ 42. f3 h5+ 43. Kh3 Qf1+ 44. Kh4 Qxf3 45. Rxg7
Qe4+ 46. Kxh5 Qe2+ 47. g4 Qxh2+ 48. Kg6 Qc2+ 49. Qf5 Qxf5+ 50. gxf5 c5 51. d5
Rd8 52. Rb7 Rg8+ 53. Kxf6 Rf8+ 54. Ke6 Re8+ 55. Kf7 Rg8 56. f6 1-0

[Event "1. RSCO"]
[Site "Rostock"]
[Date "2002"]
[Round "5.1"]
[White "Mephisto RISC 2"]
[Black "Magellan"]
[Result "1-0"]
[WhiteElo "2200"]
[BlackElo "2191"]
[PlyCount "101"]
[EventDate "2002.??.??"]
[EventType "tourn"]
[EventRounds "7"]
[EventCountry "GER"]

1. Nf3 Nf6 2. c4 c5 3. d4 cxd4 4. Nxd4 g6 5. Nc3 Bg7 6. e4 d6 7. Be2 Nc6 8. Be3
O-O 9. O-O Re8 10. Rc1 Nxd4 11. Bxd4 Bh6 12. Rc2 e5 13. Be3 Bxe3 14. fxe3 Re6
15. c5 b6 16. c6 Re8 17. c7 Qe7 18. Bb5 Rf8 19. Qf3 Kg7 20. Bc6 Bg4 21. Qg3 Be6
22. Bxa8 Rxa8 23. Nd5 Bxd5 24. exd5 Rc8 25. Rcf2 Ne8 26. Rxf7+ Qxf7 27. Rxf7+
Kxf7 28. Qh3 Rxc7 29. Qxh7+ Ng7 30. Qh3 Kf8 31. Kf2 Ne8 32. Kf3 Rc2 33. Qh7
Rxb2 34. Qxa7 b5 35. Qh7 Rxa2 36. Qxg6 Ra7 37. Qb1 Rb7 38. Qb4 Rf7+ 39. Ke2 Rg7
40. Kf2 Rf7+ 41. Ke1 Rb7 42. h3 Ke7 43. g4 Nc7 44. h4 Ra7 45. Qb1 b4 46. g5 Ra5
47. Qh7+ Kd8 48. g6 Nxd5 49. g7 Nf6 50. Qh8+ Kd7 51. Qf8 1-0

[Event "1. RSCO"]
[Site "Rostock"]
[Date "2002"]
[Round "5.2"]
[White "Magellan"]
[Black "Mephisto RISC 2"]
[Result "1-0"]
[WhiteElo "2191"]
[BlackElo "2200"]
[PlyCount "95"]
[EventDate "2002.??.??"]
[EventType "tourn"]
[EventRounds "7"]
[EventCountry "GER"]

1. e4 e6 2. d4 d5 3. Nc3 Nf6 4. e5 Nfd7 5. f4 c5 6. Nf3 Nc6 7. Be3 Qb6 8. Na4
Qa5+ 9. c3 cxd4 10. b4 Nxb4 11. cxb4 Bxb4+ 12. Bd2 Bxd2+ 13. Nxd2 g5 14. Rb1
gxf4 15. Bb5 a6 16. Bxd7+ Bxd7 17. Nb6 Rd8 18. Nxd7 Rxd7 19. O-O Qxa2 20. Qc1
Qa5 21. Rxb7 Rxb7 22. Qc8+ Qd8 23. Qxb7 O-O 24. Qxa6 Qg5 25. Nf3 Qf5 26. Re1 d3
27. Rd1 Rb8 28. Qxd3 Qe4 29. Kf1 Rb2 30. Rd2 Rb1+ 31. Kf2 Ra1 32. Qc3 Qb1 33.
Qd3 Qh1 34. Qe2 Kg7 35. Rd4 Qc1 36. h3 Kh8 37. Rd2 Qc5+ 38. Nd4 Qa3 39. Qf3 Qa6
40. Re2 Kg7 41. Qxf4 Qd3 42. Qf6+ Kg8 43. Nf3 Ra8 44. Rb2 Qa3 45. Rb7 Rf8 46.
Ng5 Qd3 47. Nxe6 Qf5+ 48. Qxf5 1-0

[Event "1. RSCO"]
[Site "Rostock"]
[Date "2002"]
[Round "5.3"]
[White "TASC CM 16 MHz - King 2.54"]
[Black "Mephisto Lyon 32 Bit"]
[Result "1-0"]
[WhiteElo "2370"]
[BlackElo "2155"]
[PlyCount "79"]
[EventDate "2002.??.??"]
[EventType "tourn"]
[EventRounds "7"]
[EventCountry "GER"]

1. e4 d6 2. d4 Nf6 3. Nc3 c6 4. f4 Qa5 5. Bd3 e5 6. Nf3 Bg4 7. dxe5 dxe5 8.
fxe5 Nfd7 9. Bf4 Bb4 10. O-O Bxc3 11. bxc3 Qc5+ 12. Kh1 O-O 13. Qb1 b6 14. Qb4
Re8 15. Qxc5 Nxc5 16. Nd4 Na4 17. h3 Bc8 18. Rf3 Nxc3 19. Bd2 Nb5 20. Nxb5 cxb5
21. Bxb5 Bd7 22. Bc4 Be6 23. Bxe6 fxe6 24. Bb4 Nd7 25. Bd6 Rec8 26. c3 Nc5 27.
Re1 Na4 28. Rc1 Rc4 29. Rcf1 h5 30. Rf7 Nxc3 31. Bf8 Nxa2 32. Rxg7+ Kh8 33.
Rff7 Rc1+ 34. Kh2 Rf1 35. Rb7 Rd1 36. Rh7+ Kg8 37. Bh6 Rd7 38. Rbxd7 a6 39.
Rdg7+ Kf8 40. Rh8# 1-0

[Event "1. RSCO"]
[Site "Rostock"]
[Date "2002"]
[Round "5.4"]
[White "Mephisto Lyon 32 Bit"]
[Black "TASC CM 16 MHz - King 2.54"]
[Result "0-1"]
[WhiteElo "2155"]
[BlackElo "2370"]
[PlyCount "80"]
[EventDate "2002.??.??"]
[EventType "tourn"]
[EventRounds "7"]
[EventCountry "GER"]

1. d4 Nf6 2. Nf3 e6 3. c4 d5 4. Bg5 dxc4 5. e4 b5 6. Nc3 b4 7. Nb1 Be7 8. e5
Nd5 9. Bxe7 Qxe7 10. Bxc4 O-O 11. Qc2 Bb7 12. Nbd2 Nd7 13. Bb5 Rad8 14. O-O a6
15. Bd3 f5 16. exf6 N7xf6 17. g3 g6 18. Ne5 Nd7 19. Nb3 Nxe5 20. dxe5 Nf4 21.
Be4 Bxe4 22. Qxe4 Nd3 23. Nd4 c5 24. Qxd3 Rxd4 25. Qxa6 Rd2 26. a3 Rxb2 27.
axb4 cxb4 28. Qb6 Rf7 29. Ra6 b3 30. Qxe6 Qxe6 31. Rxe6 Rb7 32. Rd6 Re2 33. f4
b2 34. Rb1 Kf7 35. Rc6 Rd2 36. Rc3 Rbd7 37. Re3 Rd1+ 38. Re1 Rxe1+ 39. Rxe1 Rc7
40. Kf2 Rc1 0-1

[Event "1. RSCO"]
[Site "Rostock"]
[Date "2002"]
[Round "5.5"]
[White "Mephisto MMV"]
[Black "Mephisto Polgar"]
[Result "1/2-1/2"]
[WhiteElo "1979"]
[BlackElo "1971"]
[PlyCount "136"]
[EventDate "2002.??.??"]
[EventType "tourn"]
[EventRounds "7"]
[EventCountry "GER"]

1. e4 e5 2. Nf3 Nc6 3. Bb5 a6 4. Ba4 Nf6 5. O-O Be7 6. Re1 b5 7. Bb3 O-O 8. c3
d6 9. h3 Na5 10. Bc2 c5 11. d4 Qc7 12. Nbd2 cxd4 13. cxd4 Bb7 14. Nf1 Rac8 15.
Re2 d5 16. dxe5 Nxe4 17. Ng3 f5 18. exf6 Bxf6 19. Nxe4 dxe4 20. Bxe4 Bxe4 21.
Rxe4 Rfd8 22. Qe2 Qc2 23. Bg5 Bxg5 24. Nxg5 h6 25. Nf3 Qxe2 26. Rxe2 Nc6 27. a4
Kf7 28. axb5 axb5 29. Kh2 Nd4 30. Nxd4 Rxd4 31. Rae1 Rc6 32. f3 g5 33. Kg3 Kf6
34. Re7 Rb4 35. R1e2 h5 36. Rh7 h4+ 37. Kf2 Rbc4 38. Rhe7 b4 39. Re8 Rc2 40.
R8e6+ Kf5 41. R6e5+ Kf6 42. Rxc2 Rxc2+ 43. Re2 b3 44. Ke3 Rc7 45. f4 gxf4+ 46.
Kxf4 Rc2 47. Kf3 Kf5 48. Rf2 Kg5 49. g4 hxg3 50. Kxg3 Kh5 51. Rh2 Kh6 52. Rg2
Kg5 53. Kf3+ Kh4 54. Re2 Kxh3 55. Ke3 Rc4 56. Kd3 Rf4 57. Re5 Rf2 58. Kc3 Rf3+
59. Kc4 Kg4 60. Rb5 Rf2 61. Kxb3 Rf1 62. Rb8 Rc1 63. Ka4 Kf4 64. b4 Ra1+ 65.
Kb3 Ke5 66. b5 Kd6 67. b6 Kc6 68. Kc4 Rb1 1/2-1/2

[Event "1. RSCO"]
[Site "Rostock"]
[Date "2002"]
[Round "5.6"]
[White "Mephisto Polgar"]
[Black "Mephisto MMV"]
[Result "1-0"]
[WhiteElo "1971"]
[BlackElo "1979"]
[PlyCount "97"]
[EventDate "2002.??.??"]
[EventType "tourn"]
[EventRounds "7"]
[EventCountry "GER"]

1. c4 e5 2. Nc3 Nf6 3. Nf3 Nc6 4. g3 Bb4 5. Bg2 O-O 6. O-O e4 7. Ng5 Bxc3 8.
bxc3 Re8 9. d3 exd3 10. exd3 h6 11. Ne4 b6 12. Rb1 Nxe4 13. Bxe4 Bb7 14. Bf4
Qf6 15. Qd2 d6 16. Rfe1 Rad8 17. f3 Re7 18. Bd5 Rde8 19. Rxe7 Rxe7 20. d4 a6
21. Re1 Nd8 22. Rxe7 Qxe7 23. Kf2 c6 24. Be4 Ne6 25. Bd3 Nxf4 26. Qxf4 c5 27.
Be4 Bxe4 28. Qxe4 Qxe4 29. fxe4 Kf8 30. g4 Ke7 31. Ke2 Ke6 32. h3 a5 33. Ke3 a4
34. h4 Kf6 35. a3 Ke6 36. Kf4 f6 37. Ke3 g6 38. Kd3 f5 39. exf5+ gxf5 40. g5
hxg5 41. hxg5 cxd4 42. cxd4 f4 43. Ke4 f3 44. d5+ Kf7 45. Kxf3 Kg7 46. Ke4 Kg6
47. Kf4 Kg7 48. Kf5 Kf7 49. g6+ 1-0

[Event "1. RSCO"]
[Site "Rostock"]
[Date "2002"]
[Round "5.7"]
[White "Mephisto Montreux"]
[Black "Mephisto Vancouver 32 Bit"]
[Result "0-1"]
[WhiteElo "2196"]
[BlackElo "2161"]
[PlyCount "100"]
[EventDate "2002.??.??"]
[EventType "tourn"]
[EventRounds "7"]
[EventCountry "GER"]

1. d4 d5 2. e4 dxe4 3. Nc3 Nf6 4. f3 Bf5 5. g4 Bg6 6. h4 h6 7. fxe4 Nxe4 8. Bg2
Nxc3 9. bxc3 c6 10. Bf4 Qa5 11. Ne2 Qa4 12. Qb1 b6 13. Kd2 e6 14. Qb3 Qa6 15.
Bxb8 Rxb8 16. Bxc6+ Kd8 17. Nf4 Bh7 18. Rhf1 Qc8 19. Qa4 Qc7 20. Ne2 Rc8 21.
Bb5 Be7 22. Ba6 Rb8 23. g5 Bf5 24. Bd3 g6 25. Rg1 hxg5 26. hxg5 Rh5 27. Bxf5
exf5 28. Raf1 Bxg5+ 29. Kd1 Rc8 30. Qb3 Qe7 31. Nf4 Bxf4 32. Rxf4 Qd7 33. Rg3
Rh1+ 34. Kd2 Rh2+ 35. Kc1 Rc7 36. Rff3 Rh1+ 37. Kb2 Kc8 38. Rh3 Re1 39. a4 Qc6
40. Qb5 Qxb5+ 41. axb5 Kd7 42. Re3 Rxe3 43. Rxe3 f4 44. Rf3 g5 45. Kc1 Ke6 46.
Kd2 Kf5 47. Rf1 g4 48. Kd3 f3 49. c4 Kf4 50. Re1 f2 0-1

[Event "1. RSCO"]
[Site "Rostock"]
[Date "2002"]
[Round "5.8"]
[White "Mephisto Vancouver 32 Bit"]
[Black "Mephisto Montreux"]
[Result "1-0"]
[WhiteElo "2161"]
[BlackElo "2196"]
[PlyCount "95"]
[EventDate "2002.??.??"]
[EventType "tourn"]
[EventRounds "7"]
[EventCountry "GER"]

1. e4 c5 2. Nf3 Nc6 3. d4 cxd4 4. Nxd4 Nf6 5. Nc3 d6 6. Bg5 e6 7. Qd2 Be7 8.
O-O-O O-O 9. Nb3 a6 10. Be2 Qb6 11. Be3 Qc7 12. g4 d5 13. exd5 Rd8 14. Bf4 e5
15. g5 exf4 16. gxf6 Bxf6 17. d6 Qd7 18. Ne4 Qf5 19. Nxf6+ Qxf6 20. Rhg1 Be6
21. Bf3 Rac8 22. Kb1 b6 23. Bg4 Ne5 24. Bxe6 fxe6 25. Qd4 Rc6 26. a3 Qf5 27.
Na1 Rd7 28. h4 Qf6 29. Nb3 h5 30. Rge1 Rcxd6 31. Qxd6 Rxd6 32. Rxd6 Nc4 33. Rd4
Na5 34. Rd2 Nxb3 35. cxb3 Qf5+ 36. Ka2 Qh3 37. Rc1 Qxh4 38. Rc6 Qh1 39. Rxb6
Qe1 40. Rc2 Qf1 41. Rxe6 Kf7 42. Re4 g5 43. Re5 Kf6 44. Ra5 h4 45. Rc6+ Ke7 46.
Raxa6 Qxf2 47. Rc7+ Kd8 48. Rh7 1-0

[Event "1. RSCO"]
[Site "Rostock"]
[Date "2002"]
[Round "6.1"]
[White "Magellan"]
[Black "TASC CM 16 MHz - King 2.54"]
[Result "1-0"]
[WhiteElo "2191"]
[BlackElo "2370"]
[PlyCount "65"]
[EventDate "2002.??.??"]
[EventType "tourn"]
[EventRounds "7"]
[EventCountry "GER"]

1. e4 c5 2. Nf3 e6 3. d4 cxd4 4. Nxd4 Nf6 5. Nc3 Bb4 6. e5 Nd5 7. Bd2 Bxc3 8.
bxc3 O-O 9. Nb5 Nc6 10. c4 Nb6 11. Qh5 f6 12. Bd3 g6 13. Bxg6 hxg6 14. Qxg6+
Kh8 15. Bh6 Rg8 16. Qh5 Qe8 17. Qh4 Qe7 18. exf6 Qh7 19. Nd6 Rf8 20. Bg7+ Kg8
21. Qxh7+ Kxh7 22. Bxf8 Ne5 23. Be7 Kg8 24. Rb1 Rb8 25. Rb3 Kh7 26. f4 Nbxc4
27. Rh3+ Kg6 28. Rg3+ Kh7 29. f7 Nxf7 30. Ne8 Ng5 31. Rxg5 Kh8 32. Nf6 a6 33.
Rg8# 1-0

[Event "1. RSCO"]
[Site "Rostock"]
[Date "2002"]
[Round "6.2"]
[White "TASC CM 16 MHz - King 2.54"]
[Black "Magellan"]
[Result "1-0"]
[WhiteElo "2370"]
[BlackElo "2191"]
[PlyCount "47"]
[EventDate "2002.??.??"]
[EventType "tourn"]
[EventRounds "7"]
[EventCountry "GER"]

1. e4 e5 2. f4 exf4 3. Nf3 Nf6 4. e5 Nh5 5. Qe2 Be7 6. d4 O-O 7. Nc3 Bh4+ 8.
Nxh4 Qxh4+ 9. Qf2 Qxf2+ 10. Kxf2 c5 11. Be2 g6 12. Bxh5 gxh5 13. dxc5 Na6 14.
Ne4 Nb4 15. Nf6+ Kg7 16. Bxf4 Nxc2 17. Rad1 Nb4 18. a3 Nc6 19. Rd6 h4 20. Re1
Rh8 21. Nh5+ Kg8 22. Bh6 f5 23. Rf6 Nxe5 24. Rf8# 1-0

[Event "1. RSCO"]
[Site "Rostock"]
[Date "2002"]
[Round "6.3"]
[White "Mephisto Montreux"]
[Black "Mephisto RISC 2"]
[Result "0-1"]
[WhiteElo "2196"]
[BlackElo "2200"]
[PlyCount "199"]
[EventDate "2002.??.??"]
[EventType "tourn"]
[EventRounds "7"]
[EventCountry "GER"]

1. d4 Nf6 2. c4 g6 3. Nc3 d5 4. Nf3 Bg7 5. Bg5 Ne4 6. cxd5 Nxc3 7. bxc3 Qxd5 8.
Qb3 Be6 9. Qxd5 Bxd5 10. Nd2 c5 11. e4 Bc6 12. d5 Ba4 13. Rb1 b6 14. Rc1 Nd7
15. Be2 Rd8 16. O-O Nf6 17. c4 Nd7 18. Rfe1 h6 19. Bf4 O-O 20. Nf3 a6 21. Bc7
Rc8 22. Bg3 b5 23. Nd2 Rfd8 24. Bg4 h5 25. Bh3 Bb2 26. Rb1 Bc3 27. Bf4 Ra8 28.
Rec1 b4 29. Bxd7 Rxd7 30. e5 Kg7 31. Be3 Bxd2 32. Bxd2 Rb7 33. Be3 Rc8 34. Rb2
Bd7 35. Re1 Bf5 36. Rd2 f6 37. f3 fxe5 38. Bg5 Kf7 39. Rxe5 Re8 40. Re3 Rd7 41.
Ree2 a5 42. h4 a4 43. Re3 Rb7 44. Rb2 Rb6 45. Bf4 Rb7 46. Bh2 Ra8 47. Be5 Raa7
48. Rbe2 b3 49. Rb2 Bc2 50. axb3 Bxb3 51. Rc3 Rb4 52. Rb1 Ke8 53. Kf2 Ra8 54.
Ke3 Kd7 55. Kd2 Ra7 56. g3 Ra6 57. g4 Ra5 58. Rcc1 Ra8 59. Rc3 Ra6 60. Ke3 e6
61. gxh5 gxh5 62. d6 Ra8 63. Rg1 Bxc4 64. Rgc1 Rb3 65. Rxb3 Bxb3 66. Rxc5 Ra7
67. Bd4 Kxd6 68. Rxh5 Ra8 69. Bc5+ Kc6 70. Ba3 Bd5 71. f4 Rb8 72. Kd2 Rb3 73.
Be7 a3 74. Rh8 a2 75. Bf6 Rf3 76. h5 Rxf4 77. Be5 Rf2+ 78. Kd3 Rf1 79. Ra8 Rd1+
80. Kc2 Re1 81. Bd4 Rh1 82. Kb2 Rd1 83. Bg7 Kb5 84. Ra7 Rb1+ 85. Kc2 Bb3+ 86.
Kd2 Rh1 87. Rb7+ Kc4 88. Rc7+ Kd5 89. Ra7 Ke4 90. h6 e5 91. Ra5 Bd5 92. Ra4+
Kf5 93. Ra5 Kf4 94. Kc3 e4 95. Kc2 Be6 96. Ra4 Bg8 97. Bc3 Kf3 98. Ra8 Rh2+ 99.
Kc1 Bb3 100. Bd2 0-1

[Event "1. RSCO"]
[Site "Rostock"]
[Date "2002"]
[Round "6.4"]
[White "Mephisto RISC 2"]
[Black "Mephisto Montreux"]
[Result "1-0"]
[WhiteElo "2200"]
[BlackElo "2196"]
[PlyCount "103"]
[EventDate "2002.??.??"]
[EventType "tourn"]
[EventRounds "7"]
[EventCountry "GER"]

1. c4 Nc6 2. d4 d5 3. Nf3 Bg4 4. cxd5 Bxf3 5. gxf3 Qxd5 6. e3 e5 7. Nc3 Bb4 8.
Bd2 Bxc3 9. bxc3 exd4 10. cxd4 Nge7 11. Bg2 O-O 12. a3 Nf5 13. e4 Qxd4 14. exf5
Rad8 15. Qc1 Qe5+ 16. Be3 Nd4 17. Ra2 Qa5+ 18. Qd2 Nxf3+ 19. Bxf3 Rxd2 20. Rxd2
Qxf5 21. Ke2 Qb5+ 22. Rd3 b6 23. Rhd1 Re8 24. Kf1 c5 25. Kg1 Qa4 26. Bc1 Qh4
27. Bc6 Qg4+ 28. Kh1 Rf8 29. Be3 Qe6 30. Rd6 Qa2 31. Bg5 h6 32. Be7 Rc8 33. Be4
g6 34. Rxg6+ fxg6 35. Bd5+ Qxd5+ 36. Rxd5 Kf7 37. Bd6 c4 38. Rd2 Ke6 39. Bb4
Rc6 40. Kg2 b5 41. Kf3 a6 42. Bc3 Rc5 43. Ke4 Rh5 44. f3 Rh4+ 45. Ke3 g5 46.
Bb4 Kf7 47. Bd6 Rh3 48. Bg3 Ke7 49. Ke4 Rh5 50. Kf5 g4+ 51. Kg6 Rh3 52. f4 1-0

[Event "1. RSCO"]
[Site "Rostock"]
[Date "2002"]
[Round "6.5"]
[White "Mephisto MMV"]
[Black "Mephisto Vancouver 32 Bit"]
[Result "1/2-1/2"]
[WhiteElo "1979"]
[BlackElo "2161"]
[PlyCount "153"]
[EventDate "2002.??.??"]
[EventType "tourn"]
[EventRounds "7"]
[EventCountry "GER"]

1. e4 e5 2. Nf3 Nf6 3. Nxe5 d6 4. Nf3 Nxe4 5. d4 d5 6. Bd3 Bd6 7. O-O O-O 8. c4
c6 9. Qc2 f5 10. Nc3 Na6 11. a3 Nc7 12. Ne2 Ne6 13. b4 Bd7 14. Qb3 dxc4 15.
Bxc4 Qf6 16. Bb2 Qh6 17. Ng3 Bxg3 18. hxg3 Rae8 19. d5 cxd5 20. Bxd5 Bc6 21.
Bxc6 bxc6 22. Rad1 Rf7 23. Ne5 Rc7 24. Bc1 g5 25. f4 c5 26. fxg5 Qh5 27. b5 Kh8
28. Nc6 Ng7 29. Bf4 Rb7 30. Qc4 Qg6 31. Ne5 Qe6 32. a4 Qxc4 33. Nxc4 Rbe7 34.
Rfe1 Kg8 35. Re3 Ne6 36. a5 Rb7 37. Nd6 Rd8 38. Rc1 Rxd6 39. Bxd6 Rxb5 40. a6
Rb6 41. Be5 N6xg5 42. Ra3 Kf7 43. Bf4 Ne6 44. Rc4 Rb1+ 45. Kh2 Nf2 46. Bc1 Ng4+
47. Kh3 Ng5+ 48. Kh4 Ne4 49. Rc2 Kg6 50. Rd3 h6 51. Ra3 Ne5 52. Kh3 Nf2+ 53.
Rxf2 Rxc1 54. g4 fxg4+ 55. Kh4 Rh1+ 56. Kg3 Re1 57. Rf8 Nc4 58. Ra2 Nd6 59.
Kxg4 h5+ 60. Kg3 c4 61. Ra8 Re3+ 62. Kf4 Re4+ 63. Kf3 Re7 64. Rg8+ Kh6 65. Rc2
Rf7+ 66. Ke3 Re7+ 67. Kf4 Re4+ 68. Kf3 Re6 69. g3 Nf7 70. Kf4 Rf6+ 71. Ke3 Rc6
72. Kd4 Rxa6 73. Rxc4 Rd6+ 74. Kc5 Rd3 75. Ra4 Kh7 76. Ra8 Rxg3 77. R8xa7
1/2-1/2